Statistics for NBA 2016 Playoffs Starters

Click here to take the quiz!

General Stats

  • This quiz has been taken 638 times
    (607 since last reset)
  • The average score is 51 of 80

Answer Stats

TeamPlayer% Correct
CavaliersLeBron James
100%
WarriorsKlay Thompson
99%
CavaliersTristan Thompson
99%
CavaliersKyrie Irving
98%
WarriorsStephen Curry
97%
CavaliersJ.R. Smith
96%
CavaliersKevin Love
96%
RaptorsKyle Lowry
95%
ThunderRussell Westbrook
95%
Trail BlazersDamian Lillard
94%
SpursDanny Green
94%
WarriorsDraymond Green
94%
RocketsJames Harden
94%
ThunderKevin Durant
94%
ClippersChris Paul
93%
RaptorsDeMar DeRozan
93%
HeatDwyane Wade
93%
ClippersBlake Griffin
91%
SpursTony Parker
91%
ClippersDeAndre Jordan
90%
SpursKawhi Leonard
90%
PacersPaul George
90%
SpursTim Duncan
89%
MavericksDirk Nowitzki
88%
HawksAl Horford
87%
Trail BlazersCJ McCollum
87%
HornetsKemba Walker
87%
CelticsIsaiah Thomas
85%
ThunderSerge Ibaka
83%
WarriorsHarrison Barnes
81%
GrizzliesMatt Barnes
81%
ThunderSteven Adams
80%
PistonsAndre Drummond
78%
SpursLaMarcus Aldridge
77%
WarriorsAndrew Bogut
75%
HawksPaul Millsap
75%
HawksJeff Teague
74%
HawksKyle Korver
72%
PistonsReggie Jackson
71%
RaptorsJonas Valančiūnas
70%
HeatHassan Whiteside
68%
RocketsDwight Howard
67%
ClippersJJ Redick
67%
CelticsAmir Johnson
63%
HeatGoran Dragić
63%
HeatJoe Johnson
63%
GrizzliesZach Randolph
63%
CelticsEvan Turner
62%
PacersMyles Turner
62%
PacersGeorge Hill
61%
ThunderAndre Roberson
55%
MavericksDeron Williams
55%
HornetsMarvin Williams
55%
RocketsPatrick Beverley
55%
GrizzliesTony Allen
53%
CelticsJae Crowder
52%
RaptorsDeMarre Carroll
48%
RocketsTrevor Ariza
48%
PistonsTobias Harris
43%
HornetsAl Jefferson
42%
MavericksZaza Pachulia
37%
Trail BlazersAl-Farouq Aminu
36%
PistonsKentavious Caldwell-Pope
35%
PistonsMarcus Morris
34%
Trail BlazersMason Plumlee
33%
PacersMonta Ellis
33%
HornetsCourtney Lee
31%
GrizzliesVince Carter
29%
MavericksWesley Matthews
29%
HawksKent Bazemore
26%
Trail BlazersMaurice Harkless
26%
RaptorsBismack Biyombo
24%
ClippersLuc Mbah A Moute
22%
HeatLuol Deng
17%
MavericksRaymond Felton
11%
PacersIan Mahinmi
10%
HornetsFrank Kaminsky
8%
CelticsJonas Jerebko
8%
GrizzliesJordan Farmar
8%
RocketsDonatas Motiejūnas
6%

Score Distribution

Percentile by Number Answered

Percent of People with Each Score

Your Score History

You have not taken this quiz since the last reset